| 000 | 00414 a2200145 4500 | ||
|---|---|---|---|
| 003 | OSt | ||
| 005 | 20231110151549.0 | ||
| 008 | 231110b |||||||| |||| 00| 0 eng d | ||
| 040 | _coclc | ||
| 082 |
_a297 _bMOO/A |
||
| 245 |
_aALLAHUVINAYI CHARITHRATHINAYI / _cSyed Hussain Al Moosavi |
||
| 260 |
_aCochin: _bDawa books, _c2008. |
||
| 300 | _a117p | ||
| 942 |
_2ddc _cBK _h297 _iMOO/A _k297 _mMOO/A |
||
| 999 |
_c43044 _d43044 |
||